Представление документа в формате RUSMARC

ПолеНазваниеЗначение
  Тип записи a
  Библиографический уровень m
001 Контрольный номер RU/SLIB/B/208736994
005 Дата корректировки 20201206204042.0
010 Индекс ISBN __
d Цена 7 000-00
101 Язык документа __
a Язык текста rus
200 Заглавие и сведения об ответственности 0_
a Заглавие Выживание в экстремальных условиях
f Первые сведения об ответственности послесл. Ю. Сенкевич
b Общее обозначение материала Текст
210 Выходные данные __
a Место издания М.
c Издательство Рус. Raritet
d Дата издания 1993
215 Физическое описание __
a Объем 160 с.
c Иллюстрации/тип воспроизводства ил.
606 Тематические рубрики __
a Основная рубрика Здравоохранение. Медицинские науки
606 Тематические рубрики __
a Основная рубрика Общая гигиена
610 Ключевые слова __
a Ключевые слова экстремальные условия; выживание
686 Индексы других классификаций __
a Классификационный индекс 51.201.9
686 Индексы других классификаций __
a Классификационный индекс 28.707.3
686 Индексы других классификаций __
a Классификационный индекс 75.81
702 Вторичная интеллектуальная ответственность _1
a Фамилия Сенкевич
b Имя Ю.
4 Код отношения Автор предисловия и т.д.
4 Код отношения 080
801 Источник записи _0
a Страна RU
b Организация Муниципальное бюджетное учреждение культуры "Централизованная библиотечная система" г. Сургут (Центральная городская библиотека им. А. С. Пушкина)
g Правила каталогизации КиК/Уланова
801 Источник записи _1
a Страна RU
b Организация Муниципальное бюджетное учреждение культуры "Централизованная библиотечная система" г. Сургут (Центральная городская библиотека им. А. С. Пушкина)
g Правила каталогизации КиК/Уланова
852 Данные о местонахождении __
j Шифр хранения 51.201.9
c Каталожный индекс 51.20, 28.7, 75.81
i Авторский знак В 92
p Инвентарный номер 52787
901 Тип документа __
t Тип документа m
990 Данные о заказе (DOS) __
j Количество экземпляров (DOS) 1